Superbowl MVPS - Statistics

General Stats
  • This quiz has been taken 1,920 times
    169 since last reset
  • The average score is 38 of 61
Answer Stats
Team Year Superbowl Answer % Correct
New England Patriots 2002 36 Tom Brady
97%
New England Patriots 2004 38 Tom Brady
97%
New England Patriots 2015 49 Tom Brady
97%
New England Patriots 2017 51 Tom Brady
97%
Tampa Bay Buccaneers 2021 55 Tom Brady
97%
Kansas City Chiefs 2020 54 Patrick Mahomes
96%
Kansas City Chiefs 2023 57 Patrick Mahomes
96%
Kansas City Chiefs 2024 58 Patrick Mahomes
96%
New York Giants 2008 42 Eli Manning
95%
New York Giants 2012 46 Eli Manning
95%
Indianapolis Colts 2007 41 Peyton Manning
95%
Philadelphia Eagles 2025 59 Jalen Hurts
93%
Green Bay Packers 2011 45 Aaron Rodgers
90%
Seattle Seahawks 2026 60 Kenneth Walker III
90%
Los Angeles Rams 2022 56 Cooper Kupp
88%
New Orleans Saints 2010 44 Drew Brees
87%
Philadelphia Eagles 2018 52 Nick Foles
85%
Baltimore Ravens 2013 47 Joe Flacco
80%
San Francisco 49ers 1982 16 Joe Montana
80%
San Francisco 49ers 1985 19 Joe Montana
80%
San Francisco 49ers 1990 24 Joe Montana
80%
New England Patriots 2019 53 Julian Edelman
78%
Denver Broncos 2016 50 Von Miller
78%
Green Bay Packers 1967 1 Bart Starr
76%
Green Bay Packers 1968 2 Bart Starr
76%
Dallas Cowboys 1994 28 Emmitt Smith
76%
Denver Broncos 1999 33 John Elway
76%
Seattle Seahawks 2014 48 Malcolm Smith
75%
New York Jets 1969 3 Joe Namath
74%
Baltimore Ravens 2001 35 Ray Lewis
74%
Dallas Cowboys 1993 27 Troy Aikman
71%
Pittsburgh Steelers 1979 13 Terry Bradshaw
70%
Pittsburgh Steelers 1980 14 Terry Bradshaw
70%
St. Louis Rams 2000 34 Kurt Warner
68%
San Francisco 49ers 1989 23 Jerry Rice
64%
San Francisco 49ers 1995 29 Steve Young
61%
Dallas Cowboys 1972 6 Roger Staubach
54%
Pittsburgh Steelers 2009 43 Santonio Holmes
51%
Pittsburgh Steelers 2006 40 Hines Ward
49%
Denver Broncos 1998 32 Terrell Davis
46%
Pittsburgh Steelers 1975 9 Franco Harris
45%
Kansas City Chiefs 1970 4 Len Dawson
39%
New York Giants 1987 21 Phil Simms
39%
Washington Redskins 1988 22 Doug Williams
37%
Los Angeles Raiders 1984 18 Marcus Allen
35%
New England Patriots 2005 39 Deion Branch
34%
Dallas Cowboys 1996 30 Larry Brown
34%
Pittsburgh Steelers 1976 10 Lynn Swann
34%
Dallas Cowboys 1978 12 Randy White
33%
Tampa Bay Buccaneers 2003 37 Dexter Jackson
31%
Miami Dolphins 1974 8 Larry Csonka
29%
Oakland Raiders 1981 15 Jim Plunkett
28%
Washington Redskins 1992 26 Mark Rypien
25%
Washington Redskins 1983 17 John Riggins
23%
Green Bay Packers 1997 31 Desmond Howard
21%
New York Giants 1991 25 Ottis Anderson
19%
Chicago Bears 1986 20 Richard Dent
18%
Oakland Raiders 1977 11 Fred Biletnikoff
15%
Dallas Cowboys 1971 5 Chuck Howley
14%
Miami Dolphins 1973 7 Jake Scott
14%
Dallas Cowboys 1978 12 Harvey Martin
12%
No matching quizzes found
Score Distribution
Percent of People with Each Score
Percentile by Number Answered
Your Score History
You have not taken this quiz since the last reset